Team Logo - Missouri Valley Conference - Statistics

General Stats
  • This quiz has been taken 30 times
    10 since last reset
  • The average score is 8 of 11
Answer Stats
Picture Answer % Correct
Drake Bulldogs
100%
Murray State Racers
86%
Bradley Braves
71%
Evansville Purple Aces
71%
Illinois State Redbirds
71%
Indiana State Sycamores
71%
Northern Iowa Panthers
71%
Southern Illinois Salukis
71%
UIC Flames
71%
Valparaiso Beacons
71%
Belmont Bruins
43%
No matching quizzes found
Score Distribution
Percent of People with Each Score
Percentile by Number Answered
Your Score History
You have not taken this quiz since the last reset